000 00555nam a2200145Ia 4500
008 090122s9999 xx 000 0 und d
082 _b10472
100 _aनरवणे
_bअंजनी
_c-
245 _a"नॉट अ पेनी मोअर, नॉट अ पेनी लेस"
600 _aनरवणे
630 _a"नॉट अ पेनी मोअर, नॉट अ पेनी लेस"
700 _aनरवणे
730 _a"नॉट अ पेनी मोअर, नॉट अ पेनी लेस"
942 _cBOOK
999 _c34549
_d34549